Using Blended Learning : Evidence-Based Practices /

Estudio que analiza diferentes enfoques pedagógicos de aprendizajes relacionados con la evidencia, la instrucción directa, el diseño de proyectos, la discusión grupal, entre otros, con la finalidad de diseñar una metodología del aprendizaje combinado y aplicarlo en entornos de la educación primaria...

全面介紹

Guardado en:
書目詳細資料
主要作者: Hew, Khe Foon (autor)
其他作者: Cheung, Wing Sum (autor) (autor)
格式: 圖書
語言:英语
出版: Singapur : Springer, 2014, c2014
叢編:(Springer Briefs in Education)
主題:
在線閱讀:Ver documento en línea
標簽: 添加標簽
沒有標簽, 成為第一個標記此記錄!

MARC

LEADER 00000nam^a2200000^a^4500
001 000424537
005 20251023000000.0
009 20260526144446.297
020 |a 978-981-287-089-6 
037 |a Acervo ITESO - Biblioteca 
041 |a ING 
082 |a 371. 39  |b HEW 
100 |a Hew, Khe Foon  |e (autor) 
245 1 0 |a Using Blended Learning :  |b Evidence-Based Practices /  |c K.F. Hew, W.S. Cheung. 
264 4 |a Singapur :  |b Springer,  |c 2014, c2014 
264 2 |a Cham, Suiza :  |b Springer Link [distribución],  |c 2014 
300 |a 1 libro electrónico en línea (VII, 120 p.) 
300 |a 1 recurso en línea 
336 |a datos para computadora  |b cod  |2 rdacontenido 
337 |a computadora  |b c  |2 rdamedio 
338 |a recurso en línea  |b cr  |2 rdasoporte 
440 1 |a (Springer Briefs in Education) 
506 0 |a Licencias ilimitadas 
520 |a Estudio que analiza diferentes enfoques pedagógicos de aprendizajes relacionados con la evidencia, la instrucción directa, el diseño de proyectos, la discusión grupal, entre otros, con la finalidad de diseñar una metodología del aprendizaje combinado y aplicarlo en entornos de la educación primaria y secundaria para fomentar el cultivo de diferentes competencias en los alumnos. 
649 |a XX 
650 |a Estrategias de Aprendizaje 
650 |a Aprendizaje Basado en Problemas 
650 |a Aprendizaje mediante la Práctica 
650 |a Aprendizaje -  |x Tema Principal 
650 |a Metodología Educativa -  |x Tema Principal 
650 |a Proceso Educativo 
650 |a Educación Primaria 
650 |a Educación Media 
700 |a Cheung, Wing Sum  |e (autor) 
856 4 0 |u https://link-springer-com.ezproxy.iteso.mx/10.1007/978-981-287-089-6  |y Ver documento en línea 
910 |a Fondo General 
920 |a Electrónicos - Libros en Línea 
930 |a Plataforma Digital 
905 |a 205 
901 |a 424537-1  |b IT2  |c EBO  |i C172346  |u 20250521 
902 |a https://opac.biblio.iteso.mx/vufind/Record/000424537